Bilecik Bilecik Bilecik Bilecik Bilecik

Taaşşuk-ı Talat Ve Fitnat/ (Record no. 24878)

MARC details
000 -BAŞLIK
Sabit Uzunluktaki Kontrol Alanı 01728nam a22003977a 4500
001 - KONTROL NUMARASI
Control Dosyası 0024928
003 - KONTROL NUMARASI KİMLİĞİ
Kontrol Alanı KOHA_MİRAKIL
005 - EN SON İŞLEM TARİHİ ve ZAMANI
Kontrol Alanı 20260207002453.0
007 - FİZİKSEL TANIM SABİT ALAN - GENEL BİLGİ
Sabit uzunluklu kontrol alanı ta
008 - SABİT UZUNLUKTAKİ VERİ ÖGELERİ - GENEL BİLGİ
Sabit Alan 101112b2010 tu |||gr||||#0|||1|tur |
020 ## - ISBN - ULUSLARARASI STANDART KİTAP NUMARASI
Isbn 9789944184700
Kullanılabilirlik koşulları 2,82
040 ## - KATALOGLAMA KAYNAĞI
Özgün Kataloglama Kurumu TR-BiSEU
Kataloglama Dili tur
Çeviri Kurumu TR-BiSEU
Açıklama Kuralları rda
041 0# - DİL KODU
Metin ya da ses kaydının dil kodu tur
044 ## - YAYINLAYAN/ÜRETEN KURULUŞUN ÜLKE KODU
ISO country code tu
050 ## - SINIFLAMA ve YER NUMARASI
Sınıflama Numarası PL248.S46
Yer Numarası T33 2010
100 1# - KİŞİ ADI
Yazar Adı (Kişi adı) Sami, Şemsettin.
245 1# - ESER ADI BİLDİRİMİ
Başlık Taaşşuk-ı Talat Ve Fitnat/
Sorumluluk Bildirimi Şemsettin Sami ; Şemsettin Sami.
264 #1 - ÜRERİM, YAYIN, DAĞITIM ve TELİF BİLDİRİMİ
Yayın yeri İstanbul :
Yayınlayan Timaş-Antik yayınları
Yayın tarihi 2010
300 ## - FİZİKSEL TANIMLAMA
Sayfa, Cilt vb. 110 sayfa
336 ## - İÇERİK TÜRÜ
Content type term metin
Content type code txt
Source rdacontent
337 ## - MEDYA TÜRÜ
Media type term aracısız
Media type code n
Source rdamedia
338 ## - TAŞIYICI TÜRÜ
Carrier type term cilt
Carrier type code nc
Source rdacarrier
490 0# - DİZİ BİLDİRİMİ
Dizi Bildirimi Antik Türk Klasikleri
505 ## - İÇİNDEKİLER NOTU
İçindekiler Notu Hacıbaba, üvey kızı Fitnat'ı tüm kem nazarlardan korumak için adeta eve hapsetmiştir. Ne Fitnat'ın dışarı çıkmasına ne de eve nakış ustası Şerife Hanımdan başkasının girmesine izin verir.Oysa Talât kafes arkasından gözüne kestirdiği Fitnat'a ulaşabilmek için akıl almaz çarelere başvurmaktadır...
650 #0 - KONU BAŞLIĞI EK GİRİŞ - KONU TERİMİ
Konusal terim veya coğrafi ad Türk Edebiyatı-Romanlar.
9 (RLIN) 50686
650 #0 - KONU BAŞLIĞI EK GİRİŞ - KONU TERİMİ
Konusal terim veya coğrafi ad TÜRK EDEBİYATI--ROMAN.
9 (RLIN) 31618
650 #0 - KONU BAŞLIĞI EK GİRİŞ - KONU TERİMİ
Konusal terim veya coğrafi ad Klasik latince.
9 (RLIN) 50687
650 #0 - KONU BAŞLIĞI EK GİRİŞ - KONU TERİMİ
Konusal terim veya coğrafi ad 19. yüzyıl.
9 (RLIN) 50688
650 #0 - KONU BAŞLIĞI EK GİRİŞ - KONU TERİMİ
Konusal terim veya coğrafi ad Tanzimat edebiyatı, Roman.
9 (RLIN) 50689
650 #0 - KONU BAŞLIĞI EK GİRİŞ - KONU TERİMİ
Konusal terim veya coğrafi ad Türkçe roman ve hikaye.
9 (RLIN) 34402
650 #0 - KONU BAŞLIĞI EK GİRİŞ - KONU TERİMİ
Konusal terim veya coğrafi ad Turkish literature.
9 (RLIN) 7987
650 #0 - KONU BAŞLIĞI EK GİRİŞ - KONU TERİMİ
Konusal terim veya coğrafi ad Turkish fiction.
9 (RLIN) 6661
830 0# - SERİ EK GİRİŞİ - TEKBİÇİM ESER ADI
Tekbiçim Başlık Antik Türk Klasikleri
9 (RLIN) 50690
907 ## - LOCAL DATA ELEMENT G, LDG (RLIN)
a Roman
942 ## - EK GİRİŞ ÖGELERİ (KOHA)
Source of classification or shelving scheme Library of Congress Classification
Koha item type Book
505 ## - İÇİNDEKİLER NOTU
-- Edebiyat tarihçilerimiz tarafından "ilk Türk romanı" olarak kabul edilen Taaşşuk-ı Talat ve Fitnat İstanbul sokaklarının cumbalı, kafesli evlerle süslendiği dönemlerden kalma bir aşk hikayesi...
--
Holdings
Materyal Türü Kalıcı Konum Mevcut Konum Raf Yeri Sınıflandırma Kaynağı Edinim Bilgisi Ana Konular Alt Konular Yer Numarası Demirbaş Numarası Fatura Tarihi Maliyet, Alış Fiyatı Maliyet, Yenileme Fiyatı Geri Çekilme Durumu Kayıp Durumu Hasarlı Durumu Kredi için değil Kayıt Tarih Toplam Ödünçverme Son Görülme Tarihi Son Kontrol Tarihi
Book Prof. Dr. Azmi Özcan Kütüphanesi Prof. Dr. Azmi Özcan Kütüphanesi Birûni Salonu Library of Congress Classification Satın DİL VE EDEBİYAT Doğu Asya, Afrika, Okyanusya Dilleri ve Edebiyatları PL248.S46 T33 2010 0024928 15/12/2010 3.05 3.05         12/11/2010 26 05/12/2024 05/12/2024